<?xml version="1.0" encoding="UTF-8"?>
<record
    xmlns:xsi="http://www.w3.org/2001/XMLSchema-instance"
    xsi:schemaLocation="http://www.loc.gov/MARC21/slim http://www.loc.gov/standards/marcxml/schema/MARC21slim.xsd"
    xmlns="http://www.loc.gov/MARC21/slim">

  <leader>00581nam a22001571i 4500</leader>
  <controlfield tag="001">20598</controlfield>
  <datafield tag="090" ind1=" " ind2=" ">
    <subfield code="a">20598</subfield>
  </datafield>
  <datafield tag="100" ind1=" " ind2=" ">
    <subfield code="a">20170304u        u  u0frey50      ba</subfield>
  </datafield>
  <datafield tag="101" ind1="0" ind2=" ">
    <subfield code="a">por</subfield>
  </datafield>
  <datafield tag="200" ind1="1" ind2=" ">
    <subfield code="f">M&#xE1;rio Fi&#xFA;za</subfield>
    <subfield code="a">Cl&#xE1;ssicos portugueses s&#xE9;culo XVI</subfield>
    <subfield code="e">antologia liter&#xE1;ria comentada</subfield>
  </datafield>
  <datafield tag="215" ind1=" " ind2=" ">
    <subfield code="a">280 p.</subfield>
    <subfield code="d">21 cm</subfield>
  </datafield>
  <datafield tag="300" ind1=" " ind2=" ">
    <subfield code="a">Exemplar n&#xC7;  0028972, oferta de Martinho P&#xE3;o-Mole, em dep&#xF3;sito / caixa 323</subfield>
  </datafield>
  <datafield tag="700" ind1=" " ind2="1">
    <subfield code="a">Fi&#xFA;za</subfield>
    <subfield code="b">M&#xE1;rio</subfield>
    <subfield code="4">070</subfield>
    <subfield code="f">1912-</subfield>
  </datafield>
  <datafield tag="210" ind1=" " ind2=" ">
    <subfield code="c">Porto Editora</subfield>
    <subfield code="a">Porto</subfield>
    <subfield code="d">1976</subfield>
  </datafield>
  <datafield tag="996" ind1=" " ind2=" ">
    <subfield code="f">0028972</subfield>
    <subfield code="k">FIU</subfield>
    <subfield code="m">00000000</subfield>
    <subfield code="n">00000000</subfield>
    <subfield code="a">BMVAAG</subfield>
    <subfield code="b">4</subfield>
    <subfield code="v">Dep&#xF3;sito</subfield>
    <subfield code="x">Literatura Portuguesa</subfield>
    <subfield code="y">19</subfield>
    <subfield code="e">Livro</subfield>
    <subfield code="1">0</subfield>
    <subfield code="3">1</subfield>
  </datafield>
  <datafield tag="990" ind1=" " ind2=" ">
    <subfield code="c">LIVROS</subfield>
  </datafield>
  <datafield tag="995" ind1=" " ind2=" ">
    <subfield code="0">0</subfield>
    <subfield code="1">0</subfield>
    <subfield code="9">28351</subfield>
    <subfield code="b">BMVAAG</subfield>
    <subfield code="d">BMVAAG</subfield>
    <subfield code="e">Literatura Portuguesa</subfield>
    <subfield code="f">0021454</subfield>
    <subfield code="k">FIU</subfield>
    <subfield code="o">0</subfield>
    <subfield code="r">LIVROS</subfield>
    <subfield code="a">BMVAAG</subfield>
    <subfield code="c">BMVAAG</subfield>
    <subfield code="q">19</subfield>
  </datafield>
</record>
